000 00532nam a2200181Ia 4500
005 20250508160516.0
008 008 250505s9999 xx 000 0 hin d
037 _aReference
040 _aFEDL
_beng
_cFEDL
041 _ahin
_2eng
084 _a610.3, IND
_qFEDL
245 0 _aAyurvigyan shabdawali 1
245 0 _cIndia, Government of.... Education (Ministry of...)
260 _aNew Delhi, India
_bMinistry of Education
_c1967
300 _axxvi,329p.
942 _cREF
_h610.3, IND
999 _c1365049
_d1365049